[Event "20th HZ Open 2016"]
[Site "Vlissingen NED"]
[Date "2016.08.11"]
[Round "7.31"]
[White "Kok, Ivo"]
[Black "Lammens, Tim"]
[Result "1/2-1/2"]
[BlackTitle "FM"]
[WhiteElo "2029"]
[BlackElo "2305"]
[WhiteFideId "1022024"]
[BlackFideId "1008803"]
[EventDate "2016.08.06"]

1. e4 e5 2. Nf3 Nc6 3. Bb5 g6 4. O-O Bg7 5. c3 a6 6. Ba4 d6 7. d4 Bd7 8. Re1 b5
9. Bc2 Nf6 10. Nbd2 O-O 11. Nf1 exd4 12. cxd4 Bg4 13. Be3 Nd7 14. Qd2 Bxf3 15.
gxf3 Qf6 16. Rad1 Qxf3 17. Qc3 Ne7 18. Nd2 Qg4+ 19. Kh1 c5 20. Rg1 cxd4 21. Bxd4
Bxd4 22. Qxd4 Qf4 23. Nb3 Rac8 24. Bb1 Ne5 25. Rg3 N7c6 26. Qb6 Rb8 27. Qe3 Qxe3
28. Rxe3 Rfd8 29. Kg2 Kf8 30. f4 Nc4 31. Re2 Rbc8 32. Kf3 Ke7 33. h4 Nb6 34. h5
Na4 35. Red2 Nc5 36. Nd4 Nxd4+ 37. Rxd4 a5 38. Rd5 b4 39. e5 dxe5 40. Rxe5+ Ne6
41. Rxd8 Rxd8 42. hxg6 hxg6 43. f5 gxf5 44. Bxf5 Rd2 45. Rxa5 Rxb2 46. Ke3 Kd6
47. Ra7 Nc7 48. Kd3 Rf2 49. Be4 f5 50. Ke3 Rf1 51. Bf3 Ne6 52. Ra6+ Ke5 53. Ra5+
Kf6 54. Ra6 Ke7 55. Ra7+ Kd6 56. Ra6+ Kd7 57. Ra7+ Nc7 58. Rb7 Rb1 59. Kf4 Rf1
60. Ke3 Ra1 61. Rxb4 Rxa2 62. Rb6 Ra3+ 63. Kf2 Ne6 64. Rb5 Ra2+ 65. Kf1 1/2-1/2

[Event "20th HZ Open 2016"]
[Site "Vlissingen NED"]
[Date "2016.08.11"]
[Round "7.32"]
[White "Saravanan, V."]
[Black "Beukema, Jasper"]
[Result "1/2-1/2"]
[WhiteTitle "IM"]
[WhiteElo "2281"]
[BlackElo "2170"]
[WhiteFideId "5000580"]
[BlackFideId "1032984"]
[EventDate "2016.08.06"]

1. d4 f5 2. Nf3 e6 3. c3 Nf6 4. Bg5 Be7 5. Nbd2 Ne4 6. Bxe7 Qxe7 7. Nxe4 fxe4 8.
Nd2 d5 9. e3 O-O 10. f3 exf3 11. Nxf3 Nd7 12. Qb3 c5 13. O-O-O c4 14. Qc2 Nf6
15. Ne5 b5 16. Be2 a5 17. Rdf1 b4 18. g4 Bb7 19. Rf4 bxc3 20. Qxc3 Ne4 21. Qa3
Qxa3 22. bxa3 Rxf4 23. exf4 Rf8 24. Rf1 g5 25. fxg5 Rxf1+ 26. Bxf1 Nxg5 27. Bg2
Ba6 28. Nc6 a4 29. Kd2 Nf7 30. Kc3 Bb5 31. Ne7+ Kf8 32. Nc8 Ke8 33. Kb4 Kd8 34.
Nb6 Ke7 35. Nxa4 Bxa4 36. Kxa4 Kd6 37. Kb4 e5 38. dxe5+ Nxe5 39. g5 Nd3+ 40. Kc3
Kc5 41. h4 Nf4 42. Bf3 d4+ 43. Kc2 d3+ 44. Kc3 Nd5+ 45. Bxd5 Kxd5 46. h5 Ke4 47.
g6 hxg6 48. hxg6 Ke3 49. g7 d2 50. g8=Q d1=Q 51. Qxc4 Qd6 52. Kb3 Qb6+ 53. Qb4
Qe6+ 54. Kb2 Qe5+ 55. Kb3 Qe6+ 56. Qc4 Qb6+ 57. Kc2 Qg6+ 58. Kb2 Qg2+ 59. Kb3
Qb7+ 60. Kc3 Qg7+ 61. Kb4 Qb7+ 62. Qb5 Qe4+ 63. Kb3 Qb1+ 64. Ka4 Qe4+ 65. Qb4
Qc6+ 1/2-1/2

[Event "20th HZ Open 2016"]
[Site "Vlissingen NED"]
[Date "2016.08.11"]
[Round "7.33"]
[White "Docx, Stefan"]
[Black "De Wolf, Johan"]
[Result "1-0"]
[WhiteTitle "IM"]
[WhiteElo "2420"]
[BlackElo "2102"]
[WhiteFideId "200778"]
[BlackFideId "1004131"]
[EventDate "2016.08.06"]

1. e4 d5 2. exd5 Nf6 3. d4 Nxd5 4. c4 Nb6 5. Nf3 Bg4 6. c5 N6d7 7. Be2 e6 8. Qb3
Qc8 9. O-O Be7 10. Nc3 Nf6 11. h3 Bxf3 12. Bxf3 c6 13. Re1 Nbd7 14. Bf4 O-O 15.
Rac1 Rd8 16. Nb5 cxb5 17. c6 Nc5 18. Rxc5 bxc6 19. Rxc6 Qd7 20. Rc7 1-0

[Event "20th HZ Open 2016"]
[Site "Vlissingen NED"]
[Date "2016.08.11"]
[Round "7.34"]
[White "Eisenbeiser, Amadeus"]
[Black "Holscher, Peter"]
[Result "1-0"]
[WhiteTitle "IM"]
[WhiteElo "2416"]
[BlackElo "2086"]
[WhiteFideId "4678338"]
[BlackFideId "1003224"]
[EventDate "2016.08.06"]

1. e4 d6 2. d4 Nf6 3. Nc3 c6 4. Nf3 g6 5. a4 Bg7 6. Be2 O-O 7. O-O a5 8. Bg5 Na6
9. Bxa6 Rxa6 10. h3 d5 11. Re1 dxe4 12. Nxe4 Nxe4 13. Rxe4 f6 14. Bf4 Rf7 15.
Re3 Qd5 16. Qe2 Bf8 17. c4 Qd8 18. Rd1 g5 19. Bh2 g4 20. hxg4 Bxg4 21. d5 c5 22.
Re1 Qd7 23. b3 Ra8 24. Re4 Rg7 25. Qe3 b6 26. Nh4 Bf5 27. Nxf5 Qxf5 28. Re6 Qg4
29. Qe4 Ra6 30. Qxg4 Rxg4 31. Bc7 Rd4 32. Bxb6 Rd3 33. R1e3 Rxe3 34. fxe3 Kf7
35. Kf2 Bh6 36. Kf3 Bg5 37. Ke4 Kg6 38. Bxc5 Ra8 39. Bb6 Rb8 40. c5 1-0

[Event "20th HZ Open 2016"]
[Site "Vlissingen NED"]
[Date "2016.08.11"]
[Round "7.35"]
[White "Breukelman, Jan"]
[Black "Ijzermans, Cees"]
[Result "1-0"]
[WhiteTitle "FM"]
[WhiteElo "2325"]
[BlackElo "2081"]
[WhiteFideId "1015583"]
[BlackFideId "1027425"]
[EventDate "2016.08.06"]

1. d4 Nf6 2. c4 g6 3. Nc3 Bg7 4. e4 O-O 5. Nf3 c5 6. d5 e6 7. Bg5 d6 8. Qd2 exd5
9. exd5 Re8+ 10. Be2 a6 11. h3 Qc7 12. O-O Bf5 13. Nh4 Bc8 14. Bf4 Nbd7 15. Nf3
Ne4 16. Nxe4 Rxe4 17. Bd3 Re8 18. Rae1 Ne5 19. Nxe5 Bxe5 20. Bxe5 Rxe5 21. f4
Rxe1 22. Qxe1 Bd7 23. f5 Re8 24. Qg3 Kg7 25. f6+ Kh8 26. Qh4 Qa5 27. Bxg6 fxg6
28. f7 Rf8 29. Qf6# 1-0

[Event "20th HZ Open 2016"]
[Site "Vlissingen NED"]
[Date "2016.08.11"]
[Round "7.36"]
[White "Tikranian, Alik"]
[Black "Nagtegaal, Kees"]
[Result "1-0"]
[BlackTitle "FM"]
[WhiteElo "2120"]
[BlackElo "2306"]
[WhiteFideId "1040952"]
[BlackFideId "1012886"]
[EventDate "2016.08.06"]

1. e4 c5 2. Nc3 Nc6 3. g3 g6 4. Bg2 Bg7 5. d3 d6 6. Nge2 e6 7. O-O Nge7 8. Be3
Nd4 9. Rb1 O-O 10. Qd2 Rb8 11. b4 b6 12. Bxd4 cxd4 13. Nb5 Nc6 14. e5 Nxe5 15.
Nbxd4 Bb7 16. f4 Ng4 17. Bxb7 Rxb7 18. Nc6 Qc8 19. b5 Nf6 20. c4 Rc7 21. Qb4 Qd7
22. h3 Re8 23. Kh2 e5 24. Rbe1 e4 25. Ned4 exd3 26. Rxe8+ Qxe8 27. Qd2 Ne4 28.
Qxd3 f5 29. Nf3 h6 30. Re1 Qf7 31. Re2 Rd7 32. Nd2 Nc5 33. Qf3 Bf6 34. Qd5 Qxd5
35. cxd5 Kf7 36. g4 Na4 37. Nb1 Nc5 38. Nd2 Nd3 39. Kg3 Nc5 40. Kf3 Bc3 41. gxf5
gxf5 42. Nf1 Ne4 43. Ng3 Nf6 44. Nxf5 Nxd5 45. Nxh6+ Kf8 46. Rg2 Bg7 47. Nf5 Rf7
48. Rg5 Nc3 49. Nxd6 Rd7 50. Rg6 Nxa2 51. f5 Bc3 52. Re6 Bb4 53. Nxb4 Nxb4 54.
f6 Rd8 55. f7 Rxd6 56. Rxd6 a6 57. bxa6 Nxa6 58. Rxb6 Nc5 59. Rf6 Nd7 60. Rf5
Kg7 61. Ke4 Nf8 62. Ke5 1-0

[Event "20th HZ Open 2016"]
[Site "Vlissingen NED"]
[Date "2016.08.11"]
[Round "7.37"]
[White "Hummel, Erik-Jan"]
[Black "Van der Zalm, Marnix"]
[Result "0-1"]
[WhiteTitle "FM"]
[WhiteElo "2294"]
[BlackElo "2075"]
[WhiteFideId "1009028"]
[BlackFideId "1004611"]
[EventDate "2016.08.06"]

1. d4 d6 2. Nf3 g6 3. g3 Bg7 4. Bg2 f5 5. O-O Nf6 6. b3 O-O 7. Bb2 Qe8 8. c4 h6
9. Nbd2 g5 10. Qc2 Na6 11. Bc3 c6 12. e3 Bd7 13. b4 Rc8 14. a4 Nc7 15. Ne1 f4
16. Nd3 fxg3 17. fxg3 Qh5 18. Nf2 Ng4 19. Nxg4 Bxg4 20. b5 d5 21. bxc6 bxc6 22.
Rxf8+ Rxf8 23. Ba5 Ne6 24. Rf1 Bh3 25. Rxf8+ Kxf8 26. cxd5 Nxd4 27. Qd3 Qd1+ 28.
Kf2 Bxg2 29. Kxg2 Nc2 30. Qf5+ Bf6 31. Nf1 Qxd5+ 32. e4 Qxf5 33. exf5 Ke8 34.
Kf3 Kd7 35. Nd2 Nd4+ 36. Ke4 Kd6 37. Bc3 Ne2 38. Bb4+ c5 39. Nc4+ Kc6 40. Na5+
Kc7 41. Bxc5 Nc3+ 42. Kf3 a6 43. Kg4 Nxa4 44. Bb4 Nb6 45. Kh5 Nd5 46. Bd2 Kd6
47. Kxh6 Ke5 48. Kg6 g4 49. Nb3 Ke4 50. Nc5+ Kf3 51. Kh5 Bd4 52. Ne6 Nf6+ 53.
Kg6 Bg1 54. Kf7 Ke4 55. Kxe7 Kxf5 56. Kf7 Nd5 57. Be1 Ne3 58. Nc7 Nc2 59. Bd2
Bxh2 60. Nxa6 Bxg3 61. Nc5 Bf4 62. Bxf4 Kxf4 63. Nd3+ Ke3 64. Ne5 g3 65. Nc4+
Kf2 66. Nd2 g2 0-1

[Event "20th HZ Open 2016"]
[Site "Vlissingen NED"]
[Date "2016.08.11"]
[Round "7.38"]
[White "Vedder, Richard"]
[Black "Pijpers, Peter"]
[Result "1/2-1/2"]
[WhiteTitle "FM"]
[WhiteElo "2268"]
[BlackElo "2028"]
[WhiteFideId "1004166"]
[BlackFideId "1025953"]
[EventDate "2016.08.06"]

1. e4 Nf6 2. e5 Ng8 3. d4 d6 4. Nf3 dxe5 5. Nxe5 Nd7 6. Bf4 Nxe5 7. Bxe5 Nf6 8.
Bc4 e6 9. O-O Bd6 10. Nc3 Bxe5 11. dxe5 Qxd1 12. Raxd1 Nd7 13. Nb5 Kd8 14. f4 a6
15. Nd4 c5 16. Nf3 Ke7 17. Rd6 b5 18. Be2 Bb7 19. Rfd1 Rhd8 20. Ng5 Bd5 21. Bh5
f6 22. Nf7 fxe5 23. Nxd8 Kxd6 24. Nxe6 Kxe6 25. Bg4+ Kd6 26. Bxd7 Rd8 27. fxe5+
Kxe5 28. Bg4 Rd6 29. a3 a5 30. g3 h6 31. Kf2 Be4 32. Rxd6 Kxd6 33. c3 Bc6 34.
Ke3 Ke5 35. b4 axb4 36. axb4 cxb4 37. cxb4 g5 38. Bc8 Bd5 1/2-1/2

[Event "20th HZ Open 2016"]
[Site "Vlissingen NED"]
[Date "2016.08.11"]
[Round "7.39"]
[White "Stange, Sven"]
[Black "Lanchava, Tea"]
[Result "0-1"]
[BlackTitle "IM"]
[WhiteElo "2110"]
[BlackElo "2259"]
[WhiteFideId "203890"]
[BlackFideId "1005308"]
[EventDate "2016.08.06"]

1. d4 f5 2. Nc3 d5 3. Bg5 g6 4. e3 Bg7 5. h4 h6 6. Bf4 c6 7. Nf3 Nd7 8. Qd2 Ngf6
9. Ne5 Nxe5 10. Bxe5 Be6 11. Bd3 O-O 12. Ne2 c5 13. Nf4 Bf7 14. c3 Rc8 15. O-O
e6 16. g3 Nd7 17. Bd6 Re8 18. Bb5 b6 19. Nd3 a5 20. Ne5 Bxe5 21. dxe5 Kh7 22.
Bxd7 Qxd7 23. f4 Rg8 24. b4 axb4 25. cxb4 c4 26. a4 g5 27. hxg5 hxg5 28. Kf2 Kg7
29. b5 Bh5 30. Qd4 Qb7 31. a5 bxa5 32. Rxa5 Ra8 33. Rfa1 Kg6 34. Rxa8 Rxa8 35.
Rxa8 Qxa8 36. Bb4 Qa4 37. Bc3 Qxb5 38. Qa7 Qb3 39. Qd7 Qc2+ 40. Kg1 Qd1+ 0-1

[Event "20th HZ Open 2016"]
[Site "Vlissingen NED"]
[Date "2016.08.11"]
[Round "7.40"]
[White "Go, Benjamin"]
[Black "Kalle, Erwin"]
[Result "1-0"]
[WhiteElo "2170"]
[BlackElo "1938"]
[WhiteFideId "1014560"]
[BlackFideId "1045504"]
[EventDate "2016.08.06"]

1. e4 e6 2. Nf3 d5 3. Nc3 Nf6 4. e5 Nfd7 5. d4 c5 6. dxc5 Nc6 7. Bf4 Nxc5 8. Qd2
Be7 9. O-O-O a6 10. h4 b5 11. Qe3 Qa5 12. Kb1 Rb8 13. Rh3 b4 14. Ne2 Ne4 15.
Nfd4 Nxd4 16. Nxd4 Bc5 17. Ka1 Bd7 18. Qe1 Ba4 19. Be3 O-O 20. Bd3 Nc3 21. bxc3
bxc3 22. Nb3 Rxb3 23. cxb3 Bxb3 24. Bb1 c2 25. Qxa5 cxd1=Q 26. Bxc5 Bc2 27. Qb4
Rc8 28. Rc3 1-0

[Event "20th HZ Open 2016"]
[Site "Vlissingen NED"]
[Date "2016.08.11"]
[Round "7.41"]
[White "Praveen, Kumar C"]
[Black "Ritsema, Ronald"]
[Result "1-0"]
[WhiteTitle "IM"]
[WhiteElo "2242"]
[BlackElo "2059"]
[WhiteFideId "5007372"]
[BlackFideId "1010409"]
[EventDate "2016.08.06"]

1. d4 d6 2. Nf3 Bg4 3. c4 Nd7 4. Nc3 e5 5. d5 Ngf6 6. e4 Nc5 7. Qc2 a5 8. Be2
Be7 9. O-O O-O 10. Be3 Nfd7 11. Nd2 Bxe2 12. Nxe2 Bg5 13. Bxg5 Qxg5 14. b3 f5
15. exf5 Rxf5 16. a3 Raf8 17. Ng3 Rf4 18. b4 axb4 19. axb4 Na6 20. Nde4 Qg6 21.
f3 h5 22. Qc3 Nf6 23. Nxf6+ R4xf6 24. Ne4 Rf4 25. c5 Nb8 26. cxd6 cxd6 27. Qc7
R4f7 28. Qxd6 Qxd6 29. Nxd6 Rd7 30. Ne4 Rxd5 31. Ra5 Rxa5 32. bxa5 Nc6 33. Rb1
Nxa5 34. Rb5 Nc6 35. Rxb7 Nd8 36. Re7 Nf7 37. Re6 Ra8 38. h4 Ra7 39. Kh2 Kh7 40.
Kh3 g6 41. Re8 Kg7 42. Kg3 Rb7 43. Kf2 Rb2+ 44. Kf1 Rb1+ 45. Kf2 Rb2+ 46. Kg3
Rb7 47. Re6 Ra7 48. Kh3 Rb7 49. Ng5 Nxg5+ 50. hxg5 Ra7 51. Rxe5 Rb7 52. Kg3 Ra7
53. f4 Ra3+ 54. Kf2 Ra2+ 55. Kf3 Ra3+ 56. Re3 Ra7 57. g3 Rb7 58. Rd3 Re7 59. Rd5
Ra7 60. Ke4 Re7+ 61. Re5 Rd7 62. Rd5 Re7+ 63. Kd4 Kf7 64. Rd6 Ra7 65. Rf6+ Kg7
66. Rc6 Kf7 67. Kd5 Re7 68. Rf6+ Kg7 69. Re6 Ra7 70. Rc6 Rf7 71. Rc4 Re7 72. Kd6
Kf7 73. Rc7 Rxc7 74. Kxc7 Ke7 75. Kc8 Ke8 76. Kc7 Ke7 77. Kc6 Ke6 78. Kc5 Kf5
79. Kd5 Kg4 80. Ke6 Kxg3 81. f5 h4 82. fxg6 h3 83. g7 h2 84. g8=Q h1=Q 85. Qb8+
Kg4 86. g6 Qe4+ 87. Kf6 Qc6+ 88. Kg7 Qd7+ 89. Kh8 Kg5 90. Qg3+ Kh6 91. g7 Qd4
92. Qh3+ Kg6 93. Qg2+ Kh6 94. Qh2+ Kg6 95. Qg1+ 1-0

[Event "20th HZ Open 2016"]
[Site "Vlissingen NED"]
[Date "2016.08.11"]
[Round "7.42"]
[White "Haak, Eelco"]
[Black "Bluhm, Sonja Maria"]
[Result "0-1"]
[BlackTitle "WFM"]
[WhiteElo "2072"]
[BlackElo "2235"]
[WhiteFideId "1003844"]
[BlackFideId "24654027"]
[EventDate "2016.08.06"]

1. d4 Nf6 2. c4 b6 3. Nf3 Bb7 4. g3 g6 5. Bg2 Bg7 6. O-O O-O 7. Nc3 d5 8. Ne5 e6
9. Bg5 h6 10. Bxf6 Bxf6 11. cxd5 exd5 12. e4 Nd7 13. f4 c5 14. Qa4 Nxe5 15. dxe5
d4 16. exf6 dxc3 17. Rad1 Qe8 18. Qd7 Bxe4 19. Qh3 Kh7 20. Rde1 Bxg2 21. Qxg2
Qd8 22. f5 g5 23. bxc3 Qxf6 24. Qb7 Qxc3 25. f6 Qd4+ 26. Rf2 Rad8 27. Qxa7 c4
28. Qa4 Rd6 29. Qc2+ Qd3 30. Qa4 c3 31. Qb3 b5 32. a3 Kg8 33. Qb4 Rfd8 34. Rc1
Rc6 35. Qb3 Rdd6 0-1

[Event "20th HZ Open 2016"]
[Site "Vlissingen NED"]
[Date "2016.08.11"]
[Round "7.43"]
[White "Vos, Tjark"]
[Black "Gogollok, Carsten"]
[Result "1-0"]
[WhiteElo "2223"]
[BlackElo "2006"]
[WhiteFideId "1020870"]
[BlackFideId "24621277"]
[EventDate "2016.08.06"]

1. e4 c5 2. Nf3 d6 3. d4 cxd4 4. Nxd4 Nf6 5. Nc3 g6 6. Be3 Bg7 7. f3 Nc6 8. Qd2
Bd7 9. O-O-O a6 10. g4 b5 11. Kb1 Rc8 12. h4 O-O 13. h5 Nxd4 14. Bxd4 Be6 15.
Qh2 Re8 16. hxg6 hxg6 17. Be2 b4 18. Nd5 Bxd5 19. exd5 Qc7 20. Rd2 a5 21. f4 e5
22. dxe6 fxe6 23. Bxf6 Bxf6 24. g5 Bg7 25. Qh7+ Kf8 26. Qxg6 Re7 27. Bg4 Qc6 28.
Rdh2 Rf7 29. Rh8+ 1-0

[Event "20th HZ Open 2016"]
[Site "Vlissingen NED"]
[Date "2016.08.11"]
[Round "7.44"]
[White "Balje, Jan"]
[Black "Van Kessel, Wessel"]
[Result "1/2-1/2"]
[WhiteElo "2219"]
[BlackElo "2007"]
[WhiteFideId "1004085"]
[BlackFideId "233404"]
[EventDate "2016.08.06"]

1. Nf3 Nf6 2. d4 e6 3. g3 b5 4. Bg2 Bb7 5. O-O Be7 6. a4 b4 7. c4 bxc3 8. bxc3
O-O 9. c4 a5 10. Nc3 Na6 11. Rb1 Rb8 12. Bf4 Bb4 13. Qc2 d6 14. Rfd1 Qe7 15. e4
Bxc3 16. Qxc3 Bxe4 17. Rxb8 Nxb8 18. Qxa5 Nc6 19. Qc3 Ra8 20. Ra1 Na5 21. Nd2
Bxg2 22. Kxg2 Qe8 23. Qb4 Qc6+ 24. f3 h6 25. Qb5 Qa6 26. Be3 Qa7 27. Nb3 Nxb3
28. Qxb3 Rb8 29. Qc3 Nd7 1/2-1/2

[Event "20th HZ Open 2016"]
[Site "Vlissingen NED"]
[Date "2016.08.11"]
[Round "7.45"]
[White "Woudsma, Martijn"]
[Black "De Zwart, Johan"]
[Result "1-0"]
[WhiteElo "2191"]
[BlackElo "2005"]
[WhiteFideId "1008889"]
[BlackFideId "1024930"]
[EventDate "2016.08.06"]

1. e4 e5 2. f4 exf4 3. Nf3 Nf6 4. e5 Nh5 5. d4 d6 6. Bb5+ Bd7 7. Qe2 d5 8. O-O
c6 9. Bd3 Be7 10. Nc3 g6 11. Bd2 Be6 12. Nd1 Nd7 13. Nf2 O-O 14. b3 b5 15. c3
Nb6 16. Bc2 Qd7 17. Nd3 Bf5 18. Rae1 Rae8 19. Bd1 Bxd3 20. Qxd3 Na8 21. e6 fxe6
22. Ne5 Qb7 23. Bxh5 gxh5 24. Bxf4 Bf6 25. Qh3 h4 26. Bh6 Bg7 27. Rxf8+ Bxf8 28.
Qg4+ Bg7 29. Rf1 Re7 30. Bxg7 Rxg7 31. Qxe6+ 1-0

[Event "20th HZ Open 2016"]
[Site "Vlissingen NED"]
[Date "2016.08.11"]
[Round "7.46"]
[White "Luft, Dennis"]
[Black "Van Rij, Gert"]
[Result "1-0"]
[WhiteElo "2190"]
[BlackElo "1963"]
[WhiteFideId "24623717"]
[BlackFideId "1011766"]
[EventDate "2016.08.06"]

1. e4 e6 2. d3 d5 3. Qe2 Be7 4. g3 dxe4 5. dxe4 Nc6 6. c3 e5 7. Be3 Nf6 8. f3
Be6 9. Nd2 O-O 10. Nb3 b6 11. Qa6 Qc8 12. Qxc8 Raxc8 13. Bh3 Nd8 14. a4 Rb8 15.
Nd2 a5 16. O-O-O Re8 17. Kc2 Bf8 18. b3 Nb7 19. Bg5 Nc5 20. Bxf6 gxf6 21. Bxe6
fxe6 22. Ne2 Bh6 23. Nc4 Rbd8 24. Nb2 Kf7 25. Rxd8 Rxd8 26. Rd1 Rxd1 27. Nxd1 f5
28. Nf2 Be3 29. Nd3 Kf6 30. Nxc5 Bxc5 31. Kd3 Ke7 32. Kc4 Kd7 33. b4 axb4 34.
cxb4 Bf2 35. exf5 exf5 36. Kd5 e4 37. fxe4 fxe4 38. Kxe4 Be1 39. b5 c5 40. Kd5 1-0

[Event "20th HZ Open 2016"]
[Site "Vlissingen NED"]
[Date "2016.08.11"]
[Round "7.47"]
[White "De Boer, Eelke"]
[Black "Hess, Stefan"]
[Result "0-1"]
[WhiteElo "2183"]
[BlackElo "1967"]
[WhiteFideId "1048120"]
[BlackFideId "1042009"]
[EventDate "2016.08.06"]

1. e4 e6 2. d4 d5 3. Nc3 Nf6 4. Bg5 Be7 5. e5 Nfd7 6. h4 O-O 7. Bd3 c5 8. Nb5
cxd4 9. Bxe7 Qxe7 10. Nc7 Nxe5 11. Nxa8 Qb4+ 12. Kf1 Nbc6 13. g3 Bd7 14. Nc7 Qa5
15. Kg2 Qxc7 16. Ne2 Nxd3 17. cxd3 e5 18. Rc1 Qb6 19. Qd2 f5 20. Rhe1 f4 21.
gxf4 e4 22. dxe4 dxe4 23. Ng3 Nb4 24. Nxe4 Qg6+ 25. Ng3 Nd3 26. Red1 Nxf4+ 27.
Kg1 Nh3+ 28. Kg2 Rxf2+ 29. Qxf2 Nxf2 30. Kxf2 Qf6+ 31. Kg2 Bc6+ 32. Kh3 Qe6+ 33.
Kh2 Qg4 34. Rd3 Qxh4+ 35. Kg1 Qg5 36. Re1 h5 37. Kf2 Qf4+ 38. Kg1 h4 39. Rf1 Qg4
40. Kh2 hxg3+ 41. Rxg3 Qe2+ 42. Kg1 d3 43. Rg6 d2 44. Rd6 Qg2# 0-1

[Event "20th HZ Open 2016"]
[Site "Vlissingen NED"]
[Date "2016.08.11"]
[Round "7.48"]
[White "Goossens, Xavier"]
[Black "Provoost, Simon"]
[Result "1-0"]
[WhiteElo "2058"]
[BlackElo "2178"]
[WhiteFideId "208680"]
[BlackFideId "1016334"]
[EventDate "2016.08.06"]

1. e4 c6 2. d4 d5 3. Nc3 dxe4 4. Nxe4 Bf5 5. Qf3 e6 6. Be3 Nd7 7. Bd3 Bg6 8. Ne2
Ngf6 9. N2g3 Be7 10. O-O-O Qa5 11. Kb1 Nxe4 12. Nxe4 Nf6 13. Nxf6+ Bxf6 14. Bxg6
hxg6 15. Rd3 Rh5 16. h3 Rd8 17. Rhd1 a6 18. Ra3 Qd5 19. Qxd5 exd5 20. Bf4 Rh4
21. Rf3 g5 22. Be3 g4 23. hxg4 Rxg4 24. g3 Kd7 25. Rh1 Re8 26. c3 Rge4 27. Kc2
b6 28. Rh5 b5 29. Kd2 a5 30. Rf4 R4e7 31. g4 g6 32. Rh7 Ke6 33. Rf3 Rb7 34. Bf4
Rbe7 35. g5 Kf5 36. gxf6 Re2+ 37. Kd3 Kg4 38. Rhh3 1-0

[Event "20th HZ Open 2016"]
[Site "Vlissingen NED"]
[Date "2016.08.11"]
[Round "7.49"]
[White "Goormachtigh, Johan"]
[Black "De Bock, Rien"]
[Result "1-0"]
[WhiteTitle "FM"]
[WhiteElo "2171"]
[BlackElo "1962"]
[WhiteFideId "200280"]
[BlackFideId "1031511"]
[EventDate "2016.08.06"]

1. d4 Nf6 2. c4 c5 3. d5 b5 4. cxb5 a6 5. bxa6 g6 6. Nc3 Bxa6 7. Nf3 d6 8. g3
Bg7 9. Bg2 Nbd7 10. Rb1 O-O 11. O-O Nb6 12. b3 Ra7 13. Bb2 Qa8 14. Nh4 Ne8 15.
Qd2 Nc7 16. Rfd1 Bb7 17. e4 Rc8 18. Nf3 c4 19. Nd4 cxb3 20. axb3 Nd7 21. Nc6
Bxc6 22. dxc6 Ne5 23. Nd5 Nxc6 24. Nb6 Qb8 25. Nxc8 Qxc8 26. Bxg7 1-0

[Event "20th HZ Open 2016"]
[Site "Vlissingen NED"]
[Date "2016.08.11"]
[Round "7.50"]
[White "Van de Wynkele, Eric"]
[Black "Krause, Thomas"]
[Result "1/2-1/2"]
[WhiteElo "2018"]
[BlackElo "2157"]
[WhiteFideId "205702"]
[BlackFideId "4696670"]
[EventDate "2016.08.06"]

1. e4 d6 2. d4 Nf6 3. Nc3 Nbd7 4. h3 e5 5. Be3 c6 6. a4 Be7 7. Nge2 Qc7 8. Ng3
g6 9. Be2 h5 10. Bf3 h4 11. Nge2 Nh7 12. Bg4 Bg5 13. Qd2 Bxe3 14. Qxe3 Nhf6 15.
Bxd7+ Qxd7 16. O-O-O Qe7 17. f4 exf4 18. Nxf4 Nh5 19. Nd3 O-O 20. Rhe1 b6 21. d5
c5 22. e5 Bf5 23. Nb5 Bxd3 24. Rxd3 Qxe5 25. Qxe5 dxe5 26. Rxe5 Nf4 27. Rf3 f6
28. Re4 Nxd5 29. Rxh4 a6 30. Nc3 Rad8 31. Ne4 Kg7 32. Nd2 Rfe8 33. Re4 f5 34.
Rxe8 Rxe8 35. Nc4 Re6 36. Kd2 Kf6 37. h4 Re4 38. Ne3 Nxe3 39. Rxe3 Rxh4 40. Rb3
Rb4 41. Rxb4 cxb4 42. Kd3 Ke5 43. Kc4 f4 44. Kxb4 g5 45. a5 b5 46. c4 bxc4 47.
Kxc4 Ke4 48. b4 g4 49. b5 axb5+ 50. Kc5 f3 51. gxf3+ gxf3 52. a6 f2 53. a7 f1=Q
54. a8=Q+ Ke3 55. Qe8+ Kd2 1/2-1/2

[Event "20th HZ Open 2016"]
[Site "Vlissingen NED"]
[Date "2016.08.12"]
[Round "8.13"]
[White "Zelbel, Patrick"]
[Black "Bezemer, Arno"]
[Result "1/2-1/2"]
[WhiteTitle "IM"]
[BlackTitle "FM"]
[WhiteElo "2445"]
[BlackElo "2315"]
[WhiteFideId "24624322"]
[BlackFideId "1001396"]
[EventDate "2016.08.06"]

1. e4 c5 2. c3 Nf6 3. e5 Nd5 4. d4 cxd4 5. Qxd4 Nc7 6. Nf3 Nc6 7. Qe4 d6 8. exd6
Qxd6 9. Bc4 e5 10. O-O f5 11. Qe2 Be6 12. Na3 e4 13. Ng5 Bxc4 14. Qxc4 Ne5 15.
Qb3 O-O-O 16. Nc4 Nxc4 17. Qxc4 Qd5 18. Qb3 Rd7 19. Be3 h6 20. Qxd5 Nxd5 21. Ne6
Nxe3 22. fxe3 g6 23. g4 Rd2 24. gxf5 gxf5 25. Rxf5 Rg8+ 26. Kf1 Bd6 27. Rf2
Rxf2+ 28. Kxf2 Bxh2 29. Rh1 Bg3+ 30. Kf1 Rg6 31. Nc5 Bc7 32. Nxe4 Re6 33. Ng5
Re5 34. Nf3 Rxe3 35. Rxh6 Re8 36. Rh7 Bb6 37. Rf7 a6 38. Nd2 Bc5 39. Nc4 Rf8 40.
Rxf8+ Bxf8 41. Ke2 Kc7 42. Kd3 Bg7 43. Ke4 Kc6 44. Na5+ Kb6 45. Nb3 Kc6 46. Nd4+
Kb6 47. Kd5 Bh6 48. Nf3 Be3 49. Ne5 Bf2 50. Ke6 Kc7 51. Nd3 Bg3 52. Kd5 Bh2 53.
c4 Bg1 54. c5 Be3 55. Ne5 Bf2 56. Nc4 Bg1 57. a3 Bf2 58. Nd6 Bg1 59. Ne8+ Kd7
60. Ng7 Bf2 61. Ne6 Bg1 62. a4 Bf2 63. b3 Bg1 64. Nf4 Bf2 65. Kc4 Kc6 66. Nd3
b5+ 67. Kb4 Bd4 68. Ka5 Bxc5 69. axb5+ axb5 70. Ne5+ Kb7 71. Kxb5 Bf8 72. Nd3
Ba3 73. b4 Bxb4 1/2-1/2

[Event "20th HZ Open 2016"]
[Site "Vlissingen NED"]
[Date "2016.08.12"]
[Round "8.14"]
[White "Hamblok, Roel"]
[Black "Sukandar, Irine Kharisma"]
[Result "1/2-1/2"]
[WhiteTitle "FM"]
[BlackTitle "IM"]
[WhiteElo "2308"]
[BlackElo "2418"]
[WhiteFideId "209317"]
[BlackFideId "7101937"]
[EventDate "2016.08.06"]

1. e4 c5 2. Nc3 Nc6 3. Bb5 a6 4. Bxc6 dxc6 5. d3 e5 6. f4 Bd6 7. Nf3 Bg4 8. h3
Bxf3 9. Qxf3 Ne7 10. f5 f6 11. Qh5+ Kd7 12. Qf7 Qg8 13. Qb3 Kc7 14. g4 g6 15.
Qxg8 Raxg8 16. Bh6 Nc8 17. Kf2 g5 18. h4 Be7 19. Ne2 Nd6 20. hxg5 fxg5 21. Ng1
c4 22. Nf3 cxd3 23. cxd3 Bf6 24. Rh5 Nf7 25. b4 Kb6 26. a4 1/2-1/2